[Event "Olimpiade 2022 - Open"]
[Site "Chennai"]
[Date "29.07.2022"]
[Round "1.41"]
[White "Dobrovoljc, Vid"]
[Black "Nor, Mohamed Ahmed"]
[Result "1-0"]
[WhiteElo "2398"]
[BlackElo "1907"]
[EventDate "29.07.2022"]
[Board "4"]
[WhiteFideId "14609843"]
[BlackFideId "16100069"]

1. e4 c5 2. Nf3 Nc6 3. Bb5 Qc7 4. O-O e6 5. Re1 Nge7 6. c3 d5 7. exd5 Nxd5
8. d4 cxd4 9. Qxd4 Nf6 10. Bf4 Qd7 11. Qa4 a6 12. Ne5 axb5 13. Qxa8 Nxe5
14. Bxe5 Be7 15. Nd2 O-O 16. Rad1 Qc6 17. Nb3 Ng4 18. Bg3 h5 19. Nd4 Qb6
20. Qb8 Bd7 21. Qc7 Qxc7 22. Bxc7 Bc6 23. Nxc6 bxc6 24. Bd6 Bxd6 25. Rxd6
Ra8 26. a3 Ra6 27. h3 Nf6 28. Rd8+ Kh7 29. Rf8 Kg6 30. Re3 h4 31. Rd3 Nd5
32. Rd4 Kf6 33. Rxh4 e5 34. Re4 Nf4 35. Rd8 Ke7 36. Rd2 Ke6 37. Rd8 Ke7 38.
Rd1 Ke6 39. Re3 f6 40. h4 Ra8 41. g3 Nd5 42. Red3 Ra4 43. Kf1 g6 44. Ke2
Ra8 45. Kd2 Ra4 46. Kc2 Ra8 47. R3d2 Rd8 48. b3 Ra8 49. Kb2 Rb8 50. Kc2 Ra8
51. c4 bxc4 52. bxc4 Ne7 53. Rd6+ Kf7 54. Kb2 Rb8+ 55. Ka2 Ra8 56. Rb1 Ra7
57. Rb8 f5 58. Rbd8 e4 59. R8d7 Ra5 60. Rb7 Re5 61. Rxc6 e3 62. fxe3 Rxe3
63. Rcc7 Kf6 64. Rxe7 Rxe7 65. Rxe7 Kxe7 66. a4 Kf6 67. a5 g5 68. hxg5+
Kxg5 69. a6 Kg4 70. a7 Kxg3 71. a8=Q f4 72. Qh1 Kf2 73. Qh2+ Ke3 74. Qg1+
Ke2 75. Qg2+ Ke3 76. c5 f3 77. Qf1 1-0

[Event "Olimpiade 2022 - Open"]
[Site "Chennai"]
[Date "29.07.2022"]
[Round "1.43"]
[White "Hasford, John Kojo"]
[Black "Gretarsson, Hjorvar Steinn"]
[Result "0-1"]
[WhiteElo "1976"]
[BlackElo "2563"]
[EventDate "29.07.2022"]
[Board "1"]
[WhiteFideId "12600083"]
[BlackFideId "2302241"]

1. d4 d6 2. c4 Nf6 3. Nc3 g6 4. Bf4 Bg7 5. Nf3 O-O 6. h3 Nbd7 7. e3 b6 8.
Be2 Bb7 9. Qc2 e5 10. Bg3 Qe7 11. O-O exd4 12. exd4 Ne4 13. Nxe4 Bxe4 14.
Qd2 Rae8 15. Rfe1 Qd8 16. Rad1 h6 17. h4 Nf6 18. Bf4 Kh7 19. Nh2 Bb7 20.
Bf3 Ne4 21. Bxe4 Bxe4 22. f3 Bf5 23. Bg3 d5 24. b3 dxc4 25. bxc4 Bf6 26.
Rxe8 Rxe8 27. Qf4 c5 28. Ng4 Bg7 29. d5 h5 30. Nf2 Be5 31. Qxe5 Rxe5 32.
Bxe5 Qe8 33. Re1 b5 34. Ne4 Bxe4 35. Rxe4 bxc4 36. Bf4 Qa4 37. d6 Qd1+ 38.
Kf2 c3 39. Rc4 Qd5 40. d7 Qxc4 41. d8=Q Qxf4 42. Qd3 Qxh4+ 43. Ke2 Qd4 44.
Qc2 0-1

[Event "Olimpiade 2022 - Open"]
[Site "Chennai"]
[Date "29.07.2022"]
[Round "1.44"]
[White "Bobby Ballah"]
[Black "Noritsyn, Nikolay"]
[Result "0-1"]
[WhiteElo "1916"]
[BlackElo "2482"]
[EventDate "29.07.2022"]
[Board "2"]
[WhiteFideId "22600531"]
[BlackFideId "2604922"]

1. e4 e6 2. d4 d5 3. exd5 exd5 4. Nf3 Nf6 5. Bd3 c5 6. c3 c4 7. Bc2 Bd6 8.
O-O O-O 9. Re1 Bg4 10. Bg5 Nbd7 11. Nbd2 Qc7 12. h3 Bh5 13. Nf1 Rfe8 14.
Bxf6 Nxf6 15. Ne3 Bh2+ 16. Kh1 Bf4 17. Qe2 Bxe3 18. fxe3 Ne4 19. Kg1 Ng5
20. Rf1 Qg3 21. Qe1 Nxf3+ 22. Rxf3 Qxe1+ 23. Rxe1 Bxf3 24. gxf3 b5 25. Kf2
Rab8 26. b4 cxb3 27. Bxb3 Rec8 28. Bxd5 Rxc3 29. Re2 a5 30. Be4 Kf8 31. Rb2
a4 32. Ke2 Ke7 33. Kd2 Ra3 34. Bd3 b4 35. e4 b3 36. axb3 Rbxb3 37. Rxb3
axb3 38. Bb1 b2 0-1

[Event "Olimpiade 2022 - Open"]
[Site "Chennai"]
[Date "29.07.2022"]
[Round "1.45"]
[White "Amartuvshin, Ganzorig"]
[Black "Alegre, Fabio Costa"]
[Result "1-0"]
[WhiteElo "2409"]
[BlackElo "1809"]
[EventDate "29.07.2022"]
[Board "2"]
[WhiteFideId "4902548"]
[BlackFideId "16900219"]

1. d4 Nf6 2. c4 e6 3. Nf3 d5 4. Nc3 c6 5. e3 Bd6 6. Qc2 Nbd7 7. Bd3 dxc4 8.
Bxc4 b5 9. Be2 Bb7 10. O-O a6 11. e4 Be7 12. e5 Nd5 13. a4 Rc8 14. Ne4 Qc7
15. Bg5 f6 16. Bh4 fxe5 17. Bxe7 Nxe7 18. dxe5 Nxe5 19. Nc5 N7g6 20. Ng5
O-O 21. Ngxe6 Qe7 22. f4 Nd7 23. Nxf8 Nxc5 24. Nxg6 hxg6 25. Bg4 Rd8 26.
Rae1 Qf8 27. Qxg6 Bc8 28. Bxc8 Rxc8 29. b4 Nd7 30. axb5 axb5 31. Qe6+ Qf7
32. Qd6 Qd5 33. Rd1 Qxd6 34. Rxd6 Nb6 35. Re1 Rc7 36. Ree6 Nd5 37. Rxc6 Rb7
38. Re4 Ra7 39. h3 Ra4 40. Rc5 Nxb4 41. Rxb5 Ra1+ 42. Kh2 Nd3 43. Rb7 Re1
44. Rxe1 Nxe1 45. f5 Nd3 46. g4 Ne5 47. Kg3 Kf8 48. g5 g6 49. fxg6 Nxg6 50.
h4 1-0

[Event "Olimpiade 2022 - Open"]
[Site "Chennai"]
[Date "29.07.2022"]
[Round "1.45"]
[White "Espirito Santo, Waldyr"]
[Black "Bilguun, Sumiya"]
[Result "0-1"]
[WhiteElo "1922"]
[BlackElo "2463"]
[EventDate "29.07.2022"]
[Board "3"]
[WhiteFideId "16900049"]
[BlackFideId "4901541"]

1. e4 c5 2. c3 d5 3. exd5 Qxd5 4. d4 Nf6 5. Nf3 e6 6. Be3 cxd4 7. cxd4 Nc6
8. Nc3 Qd6 9. a3 Be7 10. Bd3 b6 11. O-O Bb7 12. Qe2 O-O 13. Rfd1 Rac8 14.
Ng5 Na5 15. Rac1 h6 16. Nge4 Nxe4 17. Nxe4 Qd5 18. f3 Rxc1 19. Rxc1 Nb3 20.
Rc7 Nxd4 21. Qf2 Nf5 22. Bc4 Qd1+ 23. Bf1 Bxe4 24. fxe4 Nxe3 25. Rxe7 Ng4
26. Qe2 Qd4+ 27. Kh1 Nf2+ 0-1

[Event "Olimpiade 2022 - Open"]
[Site "Chennai"]
[Date "29.07.2022"]
[Round "1.45"]
[White "Gan-Erdene, Sugar"]
[Black "Lima, Osvaldo Dos Santos"]
[Result "1-0"]
[WhiteElo "2428"]
[BlackElo "1863"]
[EventDate "29.07.2022"]
[Board "4"]
[WhiteFideId "4902980"]
[BlackFideId "14306352"]

1. d4 Nf6 2. c4 g6 3. Nf3 Bg7 4. g3 d6 5. Bg2 Nc6 6. O-O O-O 7. Nc3 a6 8.
Qd3 e5 9. dxe5 Nxe5 10. Nxe5 dxe5 11. Qxd8 Rxd8 12. Bg5 h6 13. Bxf6 Bxf6
14. Nd5 Bg7 15. Nxc7 Rb8 16. Nd5 Be6 17. Rfd1 Kf8 18. Rac1 f5 19. e4 f4 20.
b4 g5 21. c5 Bd7 22. Bf1 Bc6 23. Be2 Bxd5 24. exd5 e4 25. Bg4 Re8 26. c6
bxc6 27. dxc6 Be5 28. c7 Bxc7 29. Rxc7 Rxb4 30. Bh5 Reb8 31. gxf4 Rb1 32.
Rxb1 Rxb1+ 33. Kg2 Rb2 34. Rf7+ Kg8 35. fxg5 e3 36. Rf3 e2 37. Re3 Rxa2 38.
Bxe2 Ra5 39. gxh6 Kh7 40. Re6 Rg5+ 41. Kf3 a5 42. Bd3+ Kg8 43. h7+ Kf7 1-0

[Event "Olimpiade 2022 - Open"]
[Site "Chennai"]
[Date "29.07.2022"]
[Round "1.49"]
[White "Jamal, Hamid Harmon Gulamo"]
[Black "Diaz Hollemaert, Nahuel"]
[Result "1/2-1/2"]
[WhiteElo "1617"]
[BlackElo "2425"]
[EventDate "29.07.2022"]
[Board "3"]
[WhiteFideId "14801221"]
[BlackFideId "104019"]

1. e4 d6 2. d4 g6 3. Nc3 Bg7 4. Be3 a6 5. Qd2 b5 6. O-O-O Nd7 7. f3 Nb6 8.
d5 b4 9. Nb1 a5 10. Bxb6 cxb6 11. Bb5+ Bd7 12. Qd3 Nf6 13. Ne2 O-O 14. Nd4
e6 15. Bxd7 Qxd7 16. dxe6 fxe6 17. Qb5 Qxb5 18. Nxb5 d5 19. Nc7 Bh6+ 20.
Nd2 Rac8 21. Nxe6 Rfe8 22. Nd4 Rc4 23. Nb3 Rec8 24. Kb1 Rxc2 25. Rc1 Rxc1+
26. Rxc1 Re8 27. Rd1 dxe4 28. Nxe4 Nxe4 29. fxe4 Rxe4 30. Nd4 a4 31. Kc2
Bg7 32. Nf3 Rc4+ 33. Kd3 Rc5 34. Rd2 Kf7 35. Rc2 Ke6 36. b3 axb3 37. axb3
Bc3 38. Ra2 Rd5+ 39. Ke4 Ra5 40. Rxa5 bxa5 41. Ng5+ Kd6 42. Nxh7 Kc5 43.
Kd3 1/2-1/2

[Event "Olimpiade 2022 - Open"]
[Site "Chennai"]
[Date "29.07.2022"]
[Round "1.51"]
[White "Sanchez, Sebastian Felipe"]
[Black "Naipal, Hoolan"]
[Result "1-0"]
[WhiteElo "2440"]
[BlackElo "1785"]
[EventDate "29.07.2022"]
[Board "2"]
[WhiteFideId "4403304"]
[BlackFideId "9700382"]

1. d4 Nf6 2. c4 e6 3. g3 d5 4. Nf3 Be7 5. Bg2 O-O 6. O-O Nbd7 7. Qc2 c6 8.
Nbd2 b6 9. e4 dxe4 10. Nxe4 Bb7 11. Rd1 Qc8 12. Nc3 Rd8 13. Bf4 a6 14. Re1
Bf8 15. Rad1 h6 16. h4 b5 17. c5 Nd5 18. Nxd5 cxd5 19. g4 Re8 20. g5 h5 21.
g6 f6 22. Bh3 Qc6 23. Re2 Bxc5 24. dxc5 e5 25. Bg3 d4 26. Bg2 Qxc5 27. Qf5
Nf8 28. Nxd4 Bxg2 29. Kxg2 Qd5+ 30. Qf3 Qxa2 31. Nb3 Qa4 32. Qd5+ Kh8 33.
Re4 1-0

[Event "Olimpiade 2022 - Open"]
[Site "Chennai"]
[Date "29.07.2022"]
[Round "1.56"]
[White "Goh, Wei Ming Kevin"]
[Black "Cisse, Amadou Lamine"]
[Result "1-0"]
[WhiteElo "2453"]
[BlackElo "2005"]
[EventDate "29.07.2022"]
[Board "1"]
[WhiteFideId "5800706"]
[BlackFideId "19900228"]

1. e4 g6 2. d4 Bg7 3. Bc4 c6 4. Bb3 d6 5. Nf3 e6 6. O-O Ne7 7. c3 O-O 8.
Re1 d5 9. e5 h6 10. Bc2 a5 11. Nbd2 c5 12. dxc5 Na6 13. Nb3 a4 14. Nbd4 Bd7
15. Bf4 Nxc5 16. Qd2 Kh7 17. h4 a3 18. b3 Ne4 19. Bxe4 dxe4 20. Rxe4 Nd5
21. c4 Ne7 22. Rd1 Bc6 23. Nxc6 Qxd2 24. Rxd2 Nxc6 25. Nd4 Na5 26. Re1 Rfd8
27. Nb5 Bf8 28. Nd6 Rd7 29. b4 Nc6 30. b5 Nd8 31. Red1 Ra4 32. Be3 Bg7 33.
f4 f6 34. exf6 Bxf6 35. Ne4 Rxd2 36. Nxf6+ Kg7 37. Rxd2 Kxf6 38. Rxd8 Rxc4
39. Rf8+ Ke7 40. Ra8 Rc3 41. Rxa3 1-0

[Event "Olimpiade 2022 - Open"]
[Site "Chennai"]
[Date "29.07.2022"]
[Round "1.59"]
[White "Muhammed, Shuaau"]
[Black "Baburin, Alexander"]
[Result "0-1"]
[WhiteElo "1987"]
[BlackElo "2400"]
[EventDate "29.07.2022"]
[Board "1"]
[WhiteFideId "16700406"]
[BlackFideId "2500914"]

1. e4 Nf6 2. e5 Nd5 3. d4 d6 4. Nf3 g6 5. g3 Bg7 6. Bg2 O-O 7. O-O dxe5 8.
Nxe5 c6 9. Qe2 Nd7 10. Nf3 b5 11. a4 b4 12. c4 bxc3 13. Nxc3 a5 14. Rd1 Ba6
15. Qc2 Qb6 16. Ne5 Nxe5 17. dxe5 e6 18. Nxd5 cxd5 19. Be3 Qb8 20. f4 Rc8
21. Qd2 Bf8 22. Rdc1 Qb3 23. Rc3 Rxc3 24. Qxc3 Qxc3 25. bxc3 Rc8 26. Bb6
Bc5+ 27. Bxc5 Rxc5 28. Ra3 Bc4 29. Bf1 Kg7 30. Bxc4 Rxc4 31. Kf2 h6 32. h4
g5 33. hxg5 hxg5 34. Kf3 Kg6 35. Rb3 gxf4 36. Rb5 Rxc3+ 37. Kxf4 Rc4+ 0-1

[Event "Olimpiade 2022 - Open"]
[Site "Chennai"]
[Date "29.07.2022"]
[Round "1.64"]
[White "Albury, Noah"]
[Black "Ungurs, Edgars"]
[Result "0-1"]
[WhiteElo "1324"]
[BlackElo "2206"]
[EventDate "29.07.2022"]
[Board "4"]
[WhiteFideId "10401130"]
[BlackFideId "11601205"]

1. e4 c6 2. d4 d5 3. exd5 cxd5 4. Nf3 Nc6 5. Bd3 Bg4 6. c3 e6 7. Bf4 Bd6 8.
Bxd6 Qxd6 9. h3 Bh5 10. Nbd2 Nge7 11. O-O Bg6 12. Qc2 Rc8 13. Rfe1 O-O 14.
Bxg6 Nxg6 15. Nf1 b5 16. Qe2 b4 17. Ne5 bxc3 18. bxc3 Ncxe5 19. dxe5 Qa3
20. Nd2 Qxc3 21. Nf3 Qa3 22. Qe3 Rc3 23. Qg5 Rfc8 24. Reb1 h6 25. Qd2 Rc2
26. Qb4 Rc1+ 27. Rxc1 0-1

[Event "Olimpiade 2022 - Open"]
[Site "Chennai"]
[Date "29.07.2022"]
[Round "1.65"]
[White "Mlawa, Hemed"]
[Black "Hossain, Enamul"]
[Result "0-1"]
[WhiteElo "1896"]
[BlackElo "2452"]
[EventDate "29.07.2022"]
[Board "1"]
[WhiteFideId "10002251"]
[BlackFideId "10200649"]

1. d4 Nf6 2. Bf4 g6 3. Nc3 Bg7 4. e4 d6 5. Qd2 c6 6. O-O-O b5 7. f3 Nbd7 8.
Bh6 Bxh6 9. Qxh6 b4 10. Nb1 Qa5 11. Bc4 d5 12. exd5 cxd5 13. Bb3 Qb5 14. a4
bxa3 15. Nxa3 Qc6 16. Ne2 a5 17. Nc3 a4 18. Bxa4 Rxa4 19. Nxa4 Qxa4 20.
Rhe1 e6 21. Re3 Ke7 22. Rde1 Rg8 23. Qf4 g5 24. Qc7 Qxd4 25. Qc6 Nb8 26.
Qc7+ Bd7 27. Nb5 Qb4 28. Nd4 Qxd4 29. c3 Qf4 30. Qc5+ Qd6 31. Qd4 Nc6 0-1

[Event "Olimpiade 2022 - Open"]
[Site "Chennai"]
[Date "29.07.2022"]
[Round "1.66"]
[White "Dabuae, Thubalkain"]
[Black "Bastidas Rodriguez, Emilio"]
[Result "0-1"]
[WhiteElo "1941"]
[BlackElo "2351"]
[EventDate "29.07.2022"]
[Board "2"]
[WhiteFideId "22400192"]
[BlackFideId "3600459"]

1. e4 c5 2. Nf3 e6 3. Nc3 a6 4. d4 cxd4 5. Nxd4 b5 6. a3 Bb7 7. Bd3 Qc7 8.
O-O Nf6 9. Re1 d6 10. Bg5 Nbd7 11. Rc1 Be7 12. Qe2 Rc8 13. Kh1 O-O 14. Nd1
Ne5 15. f3 Rfe8 16. Nf2 Nc4 17. Bxc4 Qxc4 18. Qxc4 Rxc4 19. c3 Ng4 20. Nxg4
Bxg5 21. Rcd1 Be7 22. Ne3 Rc7 23. Nec2 g5 24. Ra1 Rb8 25. h3 Bc8 26. Nb4
Bf6 27. e5 dxe5 28. Ndc6 Rb6 29. Nxe5 a5 30. Nc2 Rd6 31. Rad1 Rxd1 0-1

[Event "Olimpiade 2022 - Open"]
[Site "Chennai"]
[Date "29.07.2022"]
[Round "1.70"]
[White "Mendoza, Rodrigo"]
[Black "Masiala Mayuku, Eddy"]
[Result "1-0"]
[WhiteElo "2215"]
[BlackElo "1574"]
[EventDate "29.07.2022"]
[Board "3"]
[WhiteFideId "3301931"]
[BlackFideId "21400164"]

1. d4 g6 2. e4 Bg7 3. Nc3 b6 4. Be3 Bb7 5. Qd2 Nf6 6. f3 c6 7. h4 a5 8. e5
Nd5 9. Nxd5 cxd5 10. h5 Rg8 11. Bd3 Qc7 12. Nh3 Nc6 13. Ng5 O-O-O 14. Nxf7
Rdf8 15. hxg6 hxg6 16. Ng5 Rh8 17. O-O-O Nb4 18. Bxg6 Kb8 19. a3 Na6 20.
Bd3 Rc8 21. Nf7 Rhf8 22. e6 d6 23. Rh7 Rg8 24. Kb1 Qc6 25. f4 Qa4 26. f5
Nc7 27. Nh6 Bxh6 28. Bxh6 Nb5 29. Bxb5 Qxb5 30. Rxe7 Ba6 31. Bf4 Rcd8 32.
f6 Qa4 33. f7 Rh8 34. Bxd6+ Rxd6 35. Qf4 Rd8 36. Rd7 Rc8 37. Qxd6+ Ka8 38.
b3 Qb5 39. f8=Q Qe2 40. Qc6+ Kb8 41. Qfd6+ Rc7 42. Qdxc7# 1-0

[Event "Olimpiade 2022 - Open"]
[Site "Chennai"]
[Date "29.07.2022"]
[Round "1.74"]
[White "Bongo Akanga Ndjila, Barthelemy"]
[Black "Tissir, Mohamed"]
[Result "0-1"]
[WhiteElo "1803"]
[BlackElo "2366"]
[EventDate "29.07.2022"]
[Board "2"]
[WhiteFideId "10609431"]
[BlackFideId "9000240"]

1. d4 Nf6 2. c4 g6 3. Nc3 Bg7 4. e4 d6 5. Be2 O-O 6. Nf3 Nbd7 7. O-O e5 8.
Re1 c6 9. Bf1 a5 10. h3 Re8 11. Bg5 Qb6 12. Qd2 exd4 13. Nxd4 Nc5 14. Bxf6
Bxf6 15. Rad1 a4 16. Kh1 Ne6 17. Nxe6 Bxe6 18. f3 Bh4 19. Qe3 Qxb2 20. Rb1
Qa3 21. Red1 Bf6 22. Nd5 Qxe3 23. Nxe3 a3 24. Rxb7 Reb8 25. Rdb1 Rxb7 26.
Rb6 Rba7 27. Rb7 Bd4 28. Nc2 Bc5 29. Rb3 Ra4 30. Kh2 g5 31. Ne3 Kg7 32. Kg3
Kg6 33. Be2 h5 34. Kh2 h4 35. g3 Bxe3 36. Rxe3 Bxc4 37. Bxc4 Rxc4 38. gxh4
gxh4 39. Rxa3 Rc2+ 40. Kg1 Kg5 41. Ra7 f6 42. Rg7+ 0-1

[Event "Olimpiade 2022 - Open"]
[Site "Chennai"]
[Date "29.07.2022"]
[Round "1.78"]
[White "Okeke Issac"]
[Black "Muheto, Dieudonne"]
[Result "1-0"]
[WhiteElo "2204"]
[BlackElo "1830"]
[EventDate "29.07.2022"]
[Board "1"]
[WhiteFideId "8508526"]
[BlackFideId "20300352"]

1. e4 c5 2. Nf3 Nc6 3. d4 cxd4 4. Nxd4 Nf6 5. Nc3 e5 6. Ndb5 d6 7. Bg5 a6
8. Na3 b5 9. Nd5 Be7 10. Bxf6 Bxf6 11. c3 Bg5 12. Nc2 O-O 13. Be2 f5 14.
exf5 Bxf5 15. O-O Ne7 16. Ncb4 Ng6 17. a4 Nf4 18. axb5 axb5 19. Rxa8 Qxa8
20. Nxf4 Bxf4 21. Qxd6 Be4 22. Qe6+ Kh8 23. Qh3 Bf5 24. Bg4 Rf6 25. Bxf5
Rh6 26. Be4 Qd8 27. Qxh6 Bxh6 28. Ra1 Bc1 29. Ra8 Qxa8 30. Bxa8 Bxb2 31.
Nd5 Kg8 32. Bc6 Kf7 33. Bxb5 Ke6 34. c4 h6 35. Kf1 Kd6 36. Ke2 Bd4 37. Ne3
g6 38. Be8 1-0

[Event "Olimpiade 2022 - Open"]
[Site "Chennai"]
[Date "29.07.2022"]
[Round "1.78"]
[White "Kigigha, Bomo"]
[Black "Mutabazi Hugues"]
[Result "1-0"]
[WhiteElo "2251"]
[BlackElo "1666"]
[EventDate "29.07.2022"]
[Board "3"]
[WhiteFideId "8500037"]
[BlackFideId "20300387"]

1. c4 e5 2. Nc3 Nf6 3. Nf3 Nc6 4. a3 d5 5. cxd5 Nxd5 6. Qc2 Be7 7. e3 Nxc3
8. dxc3 Bg4 9. Be2 Qd5 10. e4 Qe6 11. Be3 O-O 12. h3 Bxf3 13. Bxf3 Na5 14.
O-O Rfd8 15. Rad1 Qb3 16. Qxb3 Nxb3 17. Be2 Nc5 18. f3 Nb3 19. Kh2 Kf8 20.
f4 Rxd1 21. Bxd1 exf4 22. Bxf4 Nc5 23. Bc2 Ne6 24. Bg3 Rd8 25. Bb3 Ke8 26.
Bxe6 fxe6 27. Bxc7 Rd2 28. Rb1 Re2 29. e5 Kd7 30. Bb8 a6 31. Kg3 Kc8 32.
Kf3 Rd2 33. Ba7 Kc7 34. Be3 Rc2 35. a4 b5 36. axb5 axb5 37. Bd4 Kc6 38. g3
Bc5 39. Ke4 Re2+ 40. Kf3 Rh2 41. Ra1 Bxd4 42. cxd4 Kd5 43. Ra6 Rxb2 44.
Rd6+ Kc4 45. d5 exd5 46. e6 Rb3+ 47. Kf4 g5+ 48. Kf5 Kc5 49. Rd8 Re3 50.
Kf6 Rf3+ 51. Kxg5 Rxg3+ 52. Kf4 Rg7 53. Ke5 Rg5+ 54. Kf6 Rg6+ 55. Kf7 Rg3
56. e7 Rf3+ 57. Kg7 Rg3+ 58. Kf6 Re3 59. e8=Q Rxe8 60. Rxe8 b4 61. Ke5 b3
62. Rc8+ 1-0

[Event "Olimpiade 2022 - Open"]
[Site "Chennai"]
[Date "30.07.2022"]
[Round "2.2"]
[White "Zacarias, M Ruben D"]
[Black "Shankland, Sam"]
[Result "1/2-1/2"]
[WhiteElo "2175"]
[BlackElo "2720"]
[EventDate "31.07.2022"]
[Board "4"]
[WhiteFideId "3700755"]
[BlackFideId "2004887"]

1. e4 c5 2. Nf3 d6 3. Bb5+ Nd7 4. a4 Nf6 5. Nc3 a6 6. Be2 b6 7. d4 cxd4 8.
Qxd4 Bb7 9. Bg5 h6 10. Bxf6 Nxf6 11. Nd2 e5 12. Qe3 Be7 13. O-O O-O 14.
Rfd1 Qc7 15. Nc4 Nd7 16. Nxd6 Bxd6 17. Qd3 Bb4 18. Qxd7 Rac8 19. Na2 Bc5
20. Qxc7 Rxc7 21. Bd3 g6 22. Nc3 f5 23. exf5 gxf5 24. Bc4+ Kg7 25. Bd5 Bd4
26. Bxb7 Rxb7 27. Ra3 Rc8 28. Rb3 Bxc3 29. bxc3 Rc4 30. a5 b5 31. Rd6 Ra7
32. Rb4 Rxc3 1/2-1/2

[Event "Olimpiade 2022 - Open"]
[Site "Chennai"]
[Date "30.07.2022"]
[Round "2.3"]
[White "Hammer, Jon Ludvig"]
[Black "Diaz Hollemaert, Nahuel"]
[Result "1-0"]
[WhiteElo "2638"]
[BlackElo "2425"]
[EventDate "31.07.2022"]
[Board "3"]
[WhiteFideId "1503707"]
[BlackFideId "104019"]

1. e4 e5 2. Nf3 Nc6 3. Bb5 a6 4. Ba4 Nf6 5. O-O Be7 6. Re1 b5 7. Bb3 d6 8.
c3 O-O 9. h3 Nb8 10. d4 Nbd7 11. c4 c6 12. Nc3 Bb7 13. a3 Qb8 14. g4 Nb6
15. cxb5 axb5 16. Bg5 Re8 17. dxe5 dxe5 18. Nh4 h6 19. Be3 Nc4 20. Bxc4
bxc4 21. Nf5 Bf8 22. Qf3 Bc8 23. Re2 Nd7 24. h4 Nc5 25. Bxc5 Bxc5 26. g5
Bf8 27. Kh1 h5 28. Rg1 g6 29. Nh6+ Bxh6 30. gxh6 Qd6 31. Qxh5 Qf6 32. Rg3
Ra7 33. Qg5 Qe7 34. Kg2 Kh7 35. Rd2 Rg8 36. Rf3 Rb7 37. Rf6 Be6 38. Kh2 Qf8
39. Na4 Ra7 40. Nc3 Qxh6 41. Rf3 Qxg5 42. hxg5 Kg7 43. Rg3 Raa8 44. f3 Rgd8
45. Rxd8 Rxd8 46. Rg1 Rd2+ 47. Rg2 Rd3 48. Kg3 f6 49. Na4 Bf7 50. Nc5 Rd1
51. Kg4 Rd4 52. Rc2 Rd1 53. gxf6+ Kxf6 54. Kg3 Ke7 55. Kf2 Kd6 56. Na4 g5
57. Ke2 Rd4 58. Nb6 Kc7 59. Na4 Kd6 60. Ke3 Bh5 61. Rc3 Bg6 62. Nb6 Kc5 63.
Nc8 Rd7 64. Rxc4+ Kb5 65. Rb4+ Kc5 66. Rc4+ Kb5 67. b3 Bf7 68. a4+ Ka6 69.
Rxc6+ Kb7 70. Rc3 Be6 71. a5 g4 72. a6+ Kxa6 73. Rc6+ 1-0

[Event "Olimpiade 2022 - Open"]
[Site "Chennai"]
[Date "30.07.2022"]
[Round "2.7"]
[White "Bok, Benjamin"]
[Black "Veiga, Jose Francisco R P Neves"]
[Result "1/2-1/2"]
[WhiteElo "2616"]
[BlackElo "2378"]
[EventDate "31.07.2022"]
[Board "3"]
[WhiteFideId "1017063"]
[BlackFideId "1930087"]

1. Nf3 Nf6 2. c4 g6 3. Nc3 Bg7 4. e4 d6 5. d4 O-O 6. Be2 Bg4 7. Be3 Nfd7 8.
Rc1 c5 9. d5 Na6 10. O-O Nc7 11. h3 Bxf3 12. Bxf3 a6 13. a4 Rb8 14. Be2 e6
15. Qd2 exd5 16. exd5 f5 17. Rfe1 Qf6 18. Bf4 a5 19. Bf1 Rbe8 20. Bg5 Qf7
21. Rxe8 Rxe8 22. Re1 Rxe1 23. Qxe1 Bf6 24. Bd2 b6 25. g3 Be5 26. f4 Bd4+
27. Kh2 Qe8 28. Qxe8+ Nxe8 29. g4 fxg4 30. hxg4 Ndf6 31. Bh3 Bxc3 32. Bxc3
h6 33. Kg2 Kf7 34. Kf3 Nh7 35. Bf1 Nf8 36. Bd3 Nf6 37. Kg3 g5 38. Bd2 N6h7
39. Kf3 Ng6 40. b3 Nh4+ 41. Ke2 Ng6 42. Bf5 Kg7 43. fxg5 Nxg5 44. Bxg6 Kxg6
45. Bf4 Nf7 46. Kf3 h5 47. Kg3 hxg4 48. Kxg4 Kf6 49. Kh5 Kf5 50. Bg3 Ne5
51. Kh6 Nd3 52. Bxd6 Kf6 53. Bc7 Nc1 54. Bd8+ Kf7 55. Bxb6 Nxb3 56. Kg5 Nd2
57. Kf5 Ke7 58. Bxc5+ Kd7 59. Ke5 Nxc4+ 60. Ke4 Kc7 61. Bg1 Kd7 62. Bf2 Kd6
63. Ba7 Nd2+ 64. Kd4 Nb3+ 65. Kc4 Nd2+ 66. Kd4 Nb3+ 67. Kc3 Kxd5 68. Kxb3
Kc6 69. Kc4 Kb7 70. Be3 Ka8 71. Kb5 Kb7 72. Kxa5 Ka8 73. Kb6 Kb8 74. a5 Ka8
75. a6 Kb8 76. a7+ Ka8 77. Ka6 1/2-1/2

[Event "Olimpiade 2022 - Open"]
[Site "Chennai"]
[Date "30.07.2022"]
[Round "2.10"]
[White "Haria, Ravi"]
[Black "Gong, Qianyun"]
[Result "1-0"]
[WhiteElo "2505"]
[BlackElo "2275"]
[EventDate "31.07.2022"]
[Board "4"]
[WhiteFideId "415820"]
[BlackFideId "8602425"]

1. e4 e6 2. d4 d5 3. e5 c5 4. c3 Nc6 5. Nf3 Nge7 6. Na3 cxd4 7. cxd4 Nf5 8.
Nc2 Qb6 9. Bd3 Bd7 10. O-O a5 11. Kh1 Rc8 12. Rb1 h6 13. a3 a4 14. Be2 Na5
15. Bd2 Nb3 16. Bc3 Bb5 17. g3 g6 18. Kg2 Bc4 19. Bxc4 Rxc4 20. Qd3 Rc6 21.
g4 Ne7 22. Ng1 g5 23. Ne2 h5 24. h3 Ng6 25. f4 hxg4 26. hxg4 Qd8 27. Rh1
Rg8 28. Kf2 gxf4 29. Rh5 Rc4 30. Rbh1 Be7 31. Ke1 b5 32. Kd1 Kd7 33. Qf3
Bg5 34. Nb4 Kc8 35. Nd3 Nh4 36. Qf2 f3 37. Ng1 Ng2 38. Nxf3 Ne3+ 39. Ke2
Nxg4 40. Qg3 Be3 41. R1h4 Bxd4 42. Rxg4 Rxg4 43. Qxg4 Bxc3 44. Qg7 Qd7 45.
Rh8+ Kb7 46. Qf8 d4 47. Qa8+ Kc7 48. bxc3 dxc3 49. Qb8+ Kc6 50. Rc8+ 1-0

[Event "Olimpiade 2022 - Open"]
[Site "Chennai"]
[Date "30.07.2022"]
[Round "2.14"]
[White "Vakhidov, Jakhongir"]
[Black "Rodgaard, John"]
[Result "1-0"]
[WhiteElo "2564"]
[BlackElo "2324"]
[EventDate "31.07.2022"]
[Board "4"]
[WhiteFideId "14201801"]
[BlackFideId "7200013"]

1. c4 e6 2. Nc3 d5 3. d4 Nf6 4. cxd5 exd5 5. Bg5 c6 6. e3 h6 7. Bh4 Be7 8.
Bd3 Ne4 9. Bxe7 Qxe7 10. Bxe4 dxe4 11. Qc2 Bf5 12. Nge2 O-O 13. O-O Nd7 14.
Ng3 Bg6 15. Ngxe4 Rae8 16. f3 f5 17. Nf2 Qxe3 18. Qb3+ Rf7 19. Qxb7 Ne5 20.
Qb3 Nd7 21. Qb7 Ne5 22. Qb3 Qxd4 23. Rfe1 Re7 24. Rad1 Qb6 25. Qxb6 axb6
26. Re2 Nd7 27. Red2 Nf6 28. Rd6 Rc7 29. Na4 b5 30. Nc5 Rfe7 31. Nfd3 Bf7
32. Nb4 Re2 33. R6d2 Rxd2 34. Rxd2 Nd5 35. Nbd3 Re7 36. Kf2 Kf8 37. b3 g5
38. Rc2 Ne3 39. Rc1 Nd5 40. a4 Ra7 41. Ne5 Nb4 42. h4 Bd5 43. hxg5 hxg5 44.
Ke3 Ke7 45. Ned3 f4+ 46. Kd4 Nxd3 47. Kxd3 Kd6 48. a5 g4 49. b4 gxf3 50.
gxf3 Re7 51. Kd4 Bxf3 52. Rf1 Re3 53. a6 Ra3 54. Rg1 Ra2 55. Rg7 Rd2+ 56.
Kc3 Ra2 57. Rd7+ Ke5 58. Rd2 Ra1 59. Kb2 Rh1 60. a7 Rh8 61. Nd7+ Kf5 62.
Nb6 c5 63. bxc5 Be4 64. Kc3 f3 65. Kb4 Bc6 66. Ra2 Ke4 67. a8=Q Bxa8 68.
Nxa8 Ke3 69. Nb6 f2 70. Nd5+ Kf3 71. Ra3+ Ke4 72. Nc3+ Kf5 73. Nd1 Rh4+ 74.
Ka5 f1=N 75. Rf3+ Rf4 76. Rxf1 Rxf1 77. Ne3+ Ke4 78. Nxf1 Kd5 79. Kxb5 Ke4
1-0